000 00621nam a22002297a 4500
003 UA-OsUOA
001 39183
007 ta
008 20060613b un ||||| |||| 00| 0 ukr d
100 _aКотков С.И.
090 _a81,373-811.161
_bК73
942 _cBK
040 _aUA-OsUOA
_brus
_cUA-OsUOA
_dUA-OsUOA
245 _aНазиратель.
300 _a750 с.
955 _a1
041 _arus
080 _a81,373-811.161
260 _aМ.
_bНаука
_c1973
650 7 _a8 Мовознавство. Художня література. Літературознавство
_2UDC
999 _c325330
_d325330